Arabiska talande länder - Statistics

General Stats
  • This quiz has been taken 243 times
  • The average score is 17 of 27
Answer Stats
Land % Correct
Irak
91%
Saudiarabien
90%
Syrien
85%
Egypten
84%
Oman
79%
Qatar
78%
Algeriet
77%
Jordanien
74%
Libanon
74%
Förenade Arabemiraten
73%
Libyen
72%
Marocko
72%
Tunisien
72%
Kuwait
67%
Jemen
66%
Sudan
66%
Israel
65%
Bahrain
61%
Somalia
59%
Mauretanien
47%
Eritrea
46%
Mali
46%
Djibouti
42%
Niger
41%
Palestina
41%
Tchad
34%
Komorerna
9%
No matching quizzes found
Score Distribution
Percent of People with Each Score
Percentile by Number Answered
Your Score History
You have not taken this quiz